• 首页
  • 本馆介绍
  • 公告通知
  • 最新文献
  • 馆藏检索
  • 电子资源
  • 读者导购
  • 参考咨询
  • 我的图书馆
  • 登录
  • 详细信息显示
  • 放入我的书架
  • 预约/预借图书
  • 作者相关作品
  • 分类相关作品
  • 丛书相关作品
  • 出版社相关作品

书目信息

  • 表格格式
  • 工作单格式
  • 卡片格式
题名:
汽车造型设计基础
    
 
作者: 李君华 , 宋奕勤 , 王中 主编
分册:  
出版信息: 合肥   合肥工业大学出版社  2016.8
页数: 140页
开本: 29cm
丛书名:
单 册:
中图分类: U462
科图分类:
主题词: 汽车--造型设计--高等教育--教材
电子资源:
ISBN: 978-7-5650-2940-0
000 01012nam0 2200265 450
001 0400002309
005 20171020162541.0
010    @a978-7-5650-2940-0@dCNY48.00
100    @a20161213d2016 em y0chiy50 ea
101 0  @achi
102    @aCN@b340000
105    @aa z 000yy
106    @ar
200 1  @a汽车造型设计基础@9qi che zao xing she ji ji chu@f李君华,宋奕勤,王中主编
210    @a合肥@c合肥工业大学出版社@d2016.8
215    @a140页@c图@d29cm
300    @a普通高等教育应用技术型院校艺术设计类专业规划教材/许开强,胡雨霞,章翔总主编
330    @a本书重点讲解了汽车内部结构与造型解析、空气动力学、造型设计的基础规律、造型设计方法、形态语义设计、人机工程学分析、油泥模型制作、品牌汽车造型设计分析等内容。
606 0  @a汽车@x造型设计@x高等教育@j教材
690    @aU462@v5
701  0 @a李君华@9li jun hua@c(女,设计,@f1976-)@4主编
701  0 @a宋奕勤@9song yi qin@c(女,@f1973-)@4主编
701  0 @a王中@9wang zhong@4主编
801  0 @aCN@b91MARC@c20171020
905    @b1032005-9@dU462@f5@e540
    
    汽车造型设计基础/李君华,宋奕勤,王中主编.-合肥:合肥工业大学出版社,2016.8
    140页:图;29cm
    普通高等教育应用技术型院校艺术设计类专业规划教材/许开强,胡雨霞,章翔总主编
    
    ISBN 978-7-5650-2940-0:CNY48.00
    本书重点讲解了汽车内部结构与造型解析、空气动力学、造型设计的基础规律、造型设计方法、形态语义设计、人机工程学分析、油泥模型制作、品牌汽车造型设计分析等内容。
●
相关链接 在E读中查询图书 在五车中查询图书 在当当中查询图书 在豆瓣中查询图书


正题名:汽车造型设计基础     索取号:U462/540         预约/预借

序号 登录号 条形码 馆藏地/架位号 状态 备注
1 1032005   210320053   第二样本阅览室/ [索取号:U462/540] 在馆    
2 1032006   210320062   密集书库-物理学院/ [索取号:U462/540] 在馆    
3 1032007   210320071   第三借阅区/ [索取号:U462/540] 在馆    
4 1032008   210320080   第三借阅区/ [索取号:U462/540] 在馆    
5 1032009   210320099   第三借阅区/ [索取号:U462/540] 在馆    
唐山师范学院图书馆 欢迎您!
大连网信软件有限公司© 版权所有